Titres de chansons de Daft Punk - Clic Quiz - Statistiques

Statistiques générales
  • Ce quiz a été pris 32 fois
  • Le résultat moyen est 15 sur 20
Statistiques - réponses
Hint Extra Hint Réponse % Correct
Instant Random Access Memories Crush
96%
Da Homework Funk
92%
Get Random Access Memories Lucky
92%
Veridis Discovery Quo
92%
Harder, Better, Faster, Discovery Stronger
92%
Face to Discovery Face
88%
Rock'n Homework Roll
83%
Something About Discovery Us
83%
Lose Yourself to Random Access Memories Dance
79%
Doin' It Random Access Memories Right
79%
Too Discovery Long
75%
Television Rules the Human After All Nation
75%
Short Discovery Circuit
71%
Giorgio by Random Access Memories Moroder
71%
Give Life Back to Random Access Memories Music
71%
Steam Human After All Machine
67%
Revolution Homework 909
63%
Rollin' and Homework Scratchin'
63%
Infinity Random Access Memories (10th Anniversary Edition) Repeating
58%
Robot Human After All Rock
58%
Aucun quiz correspondant
Distribution des résultats
% des personnes avec chaque résultat
Percentile par nombre de réponses
Votre historique - résultats
Vous n’avez pas pris ce quiz